000 00890nam a2200229 a 4500
008 120416s1989 ||||||||||||||||| || u
020 _a0465055346
050 _aHC 110.T4 Kas
100 _aKash, Don K
245 1 0 _aPerpetual innovation: the new world of competition
260 _aNew York:
_bBasic Books
_c1989
300 _axi, 269 p. : ill.
350 _a0.00
500 _aIncludes bibliographical references and index.
650 _aTECHNOLOGICAL INNOVATIONS--ECONOMIC ASPECTS--UNITED STATES
650 0 _aECONOMICS
650 _aCOMPETITION, INTERNATIONAL
650 _aTECHNOLOGICAL INNOVATIONS--JAPAN
650 _aTECHNOLOGICAL INNOVATIONS--UNITED STATES
650 _aTECHNOLOGY AND STATE--UNITED STATES
995 _D0.00
_FCBU-MAIN LIBRARY (Kitwe)
_H1
_I10.95
_M1
_UAVAILABLE
_ZAnnex Low-Usage Collection
999 _c53368
_d53368